[Event "Netanya Open 2019"]
[Site "Netanya"]
[Date "2019.06.28"]
[Round "6.16"]
[White "Cohen Revivo, Shoham"]
[Black "Flom, Gabriel"]
[Result "0-1"]
[WhiteElo "2240"]
[BlackElo "2480"]
[Annotator "ChessBase"]
[PlyCount "104"]
[EventDate "2019.06.23"]
[EventType "swiss"]
[EventCountry "ISR"]
[SourceTitle "playchess.com"]
[Source "ChessBase"]
[SourceQuality "1"]
[TimeControl "40/5400+30:1800+30"]

1. e4 {[%emt 0:00:00]} c5 {[%emt 0:00:00]} 2. Nf3 {[%emt 0:00:00]} b6 {[%emt 0:00:00]} 3. d4 {[%emt 0:01:10]} cxd4 {[%emt 0:00:27]} 4. Nxd4 {[%emt 0:00:06]} Bb7 {[%emt 0:00:03]} 5. Nc3 {[%emt 0:00:11]} e6 {[%emt 0:03:55]} 6. Be3 {[%emt 0:00:18]} a6 {[%emt 0:01:23]} 7. Be2 {[%emt 0:00:26]} Qc7 {[%emt 0:01:25]} 8. O-O {[%emt 0:00:44]} Nf6 {[%emt 0:00:02]} 9. f3 {[%emt 0:00:34]} Be7 {[%emt 0:06:21]} 10. Qd2 {[%emt 0:02:39]} d6 {[%emt 0:01:15]} 11. a4 {[%emt 0:02:00]} O-O {[%emt 0:00:50]} 12. Rad1 {[%emt 0:05:29]} Nbd7 {[%emt 0:01:05]} 13. g4 {[%emt 0:01:58]} h6 {[%emt 0:05:48]} 14. Bf2 {[%emt 0:04:02]} d5 {[%emt 0:03:48]} 15. exd5 {[%emt 0:04:23]} Nxd5 {[%emt 0:00:07]} 16. Nxd5 {[%emt 0:00:23]} Bxd5 {[%emt 0:01:09]} 17. c4 {[%emt 0:00:43]} Bg5 {[%emt 0:00:03]} 18. Be3 {[%emt 0:08:28]} Bxe3+ {[%emt 0:00:45]} 19. Qxe3 {[%emt 0:00:08]} Bb7 {[%emt 0:00:22]} 20. b3 {[%emt 0:05:01]} Rad8 {[%emt 0:02:21]} 21. Rd2 {[%emt 0:00:19]} Ne5 {[%emt 0:06:46]} 22. Rfd1 {[%emt 0:05:03]} Ng6 {[%emt 0:00:49]} 23. Bd3 {[%emt 0:18:00]} Nh4 {[%emt 0:12:53]} 24. Be4 {[%emt 0:00:34]} Bxe4 {[%emt 0:00:12]} 25. Qxe4 {[%emt 0:00:07]} Qc5 {[%emt 0:00:24]} 26. Kf1 {[%emt 0:01:28]} Rd6 {[%emt 0:03:45]} 27. Nc2 {[%emt 0:09:54]} f5 {[%emt 0:17:41]} 28. gxf5 {[%emt 0:02:40]} Rxd2 {[%emt 0:00:04]} 29. Rxd2 {[%emt 0:00:12]} Nxf3 {[%emt 0:00:11]} 30. Qxe6+ {[%emt 0:04:42]} Kh8 {[%emt 0:00:04]} 31. Rf2 {[%emt 0:00:05]} Nxh2+ {[%emt 0:00:41]} 32. Kg2 {[%emt 0:01:39]} Ng4 {[%emt 0:00:40]} 33. Rf4 {[%emt 0:00:04]} Nf6 {[%emt 0:01:50]} 34. Rh4 {[%emt 0:01:38]} Kh7 {[%emt 0:03:29]} 35. Nd4 {[%emt 0:01:37]} Qa3 {[%emt 0:06:46]} 36. Nf3 {[%emt 0:08:45]} Qxb3 {[%emt 0:15:08]} 37. Qe7 {[%emt 0:02:48]} Qc2+ {[%emt 0:00:36]} 38. Kg1 {[%emt 0:04:00]} Qxf5 {[%emt 0:01:05]} 39. Qxf8 {[%emt 0:00:37]} Qxf3 {[%emt 0:00:04]} 40. Rh2 {[%emt 0:01:26]} Qd1+ {[%emt 0:00:24]} 41. Kg2 {[%emt 0:30:09]} Qc2+ {[%emt 0:32:41]} 42. Kg1 {[%emt 0:00:01]} Qb1+ {[%emt 0:00:00]} 43. Kg2 {[%emt 0:00:00]} Ng4 {[%emt 0:00:00]} 44. Rh3 {[%emt 0:00:00]} Qc2+ {[%emt 0:00:00]} 45. Kg3 {[%emt 0:00:00]} Nf6 {[%emt 0:00:00]} 46. Rh4 {[%emt 0:00:00]} Qxa4 {[%emt 0:00:00]} 47. Rd4 {[%emt 0:00:00]} Qb3+ {[%emt 0:00:00]} 48. Kf4 {[%emt 0:00:00]} a5 {[%emt 0:00:00]} 49. Qc8 {[%emt 0:00:00]} g5+ {[%emt 0:00:00]} 50. Ke5 {[%emt 0:00:00]} Qe3+ {[%emt 0:00:00]} 51. Kxf6 {[%emt 0:00:00]} Qxd4+ {[%emt 0:00:00]} 52. Kf7 {[%emt 0:00:00]} Qg7+ {[%emt 0:08:38]} 0-1

[Event "Netanya Open 2019"]
[Site "Netanya"]
[Date "2019.06.28"]
[Round "6.17"]
[White "Erenberg, Ariel"]
[Black "Alexikov, Alexander"]
[Result "1-0"]
[WhiteElo "2434"]
[BlackElo "2234"]
[Annotator "NA"]
[PlyCount "125"]
[EventDate "2019.06.23"]
[EventType "swiss"]
[EventCountry "ISR"]
[SourceTitle "playchess.com"]
[Source "ChessBase"]
[SourceQuality "1"]
[TimeControl "40/5400+30:1800+30"]

1. d4 {[%emt 0:00:00]} g6 {[%emt 0:00:02]} 2. c4 {[%emt 0:00:23]} Nf6 {[%emt 0:00:47]} 3. g3 {[%emt 0:01:21]} c5 {[%emt 0:04:31]} 4. dxc5 {[%emt 0:04:32]} Na6 {[%emt 0:07:01]} 5. a3 {[%emt 0:11:27]} Nxc5 {[%emt 0:03:10]} 6. b4 {[%emt 0:00:33]} Ne6 {[%emt 0:00:17]} 7. Bb2 {[%emt 0:00:10]} Bg7 {[%emt 0:00:09]} 8. Bg2 {[%emt 0:00:09]} d6 {[%emt 0:00:52]} 9. Nc3 {[%emt 0:17:01]} O-O {[%emt 0:01:40]} 10. Qd2 {[%emt 0:06:28]} Re8 {[%emt 0:04:47]} 11. Nf3 {[%emt 0:08:26]} Bd7 {[%emt 0:15:57]} 12. O-O {[%emt 0:03:06]} Rc8 {[%emt 0:05:23]} 13. Qd3 {[%emt 0:02:20]} Qc7 {[%emt 0:02:26]} 14. Nd2 {[%emt 0:01:07]} Bc6 {[%emt 0:02:40]} 15. e4 {[%emt 0:40:27]} Qb8 {[%emt 0:01:27]} 16. Nb3 {[%emt 0:00:00]} b6 {[%emt 0:07:45]} 17. Rfb1 {[%emt 0:00:00]} Nf8 {[%emt 0:06:45]} 18. Nd5 {[%emt 0:00:00]} N8d7 {[%emt 0:00:20]} 19. Nd4 {[%emt 0:00:00]} Bb7 {[%emt 0:14:52]} 20. f4 {[%emt 0:00:00]} a6 {[%emt 0:03:22]} 21. Re1 {[%emt 0:00:00]} e5 {[%emt 0:01:11]} 22. Nb3 exf4 {[%emt 0:07:01]} 23. Nxf6+ {[%emt 0:00:00]} Nxf6 {[%emt 0:03:31]} 24. gxf4 {[%emt 0:00:00]} Qa8 {[%emt 0:04:10]} 25. Nd2 {[%emt 0:00:00]} Re7 {[%emt 0:00:47]} 26. Re3 {[%emt 0:00:00]} Rce8 {[%emt 0:00:20]} 27. Bxf6 {[%emt 0:00:06]} Bxf6 {[%emt 0:00:30]} 28. Rae1 {[%emt 0:00:30]} Kg7 {[%emt 0:00:30]} 29. Kh1 {[%emt 0:00:30]} Bh4 {[%emt 0:00:30]} 30. R1e2 {[%emt 0:00:30]} Re6 {[%emt 0:00:30]} 31. Rh3 {[%emt 0:00:30]} Bf6 {[%emt 0:00:30]} 32. Qe3 {[%emt 0:00:30]} Kg8 {[%emt 0:00:30]} 33. f5 {[%emt 0:00:30]} Re5 {[%emt 0:00:30]} 34. Qh6 {[%emt 0:00:30]} Rxf5 {[%emt 0:00:30]} 35. Qxh7+ {[%emt 0:00:30]} Kf8 {[%emt 0:00:45]} 36. Qh6+ {[%emt 0:04:14]} Bg7 {[%emt 0:00:30]} 37. Qe3 {[%emt 0:00:30]} Rf6 {[%emt 0:00:30]} 38. Qxb6 {[%emt 0:00:30]} Kg8 {[%emt 0:00:30]} 39. Qe3 {[%emt 0:00:30]} Rfe6 {[%emt 0:00:30]} 40. a4 {[%emt 0:00:30]} d5 {[%emt 0:00:30]} 41. c5 dxe4 {[%emt 0:00:51]} 42. Nc4 {[%emt 0:05:00]} Qb8 {[%emt 0:14:25]} 43. b5 {[%emt 0:05:22]} axb5 {[%emt 0:02:48]} 44. axb5 {[%emt 0:00:02]} Bd5 {[%emt 0:05:41]} 45. Nb6 {[%emt 0:04:49]} Rxb6 {[%emt 0:01:36]} 46. cxb6 {[%emt 0:00:06]} Qe5 {[%emt 0:00:50]} 47. Re1 {[%emt 0:02:11]} f5 {[%emt 0:01:35]} 48. Qg3 {[%emt 0:01:49]} Qe6 {[%emt 0:03:47]} 49. Rd1 {[%emt 0:02:41]} Re7 {[%emt 0:02:44]} 50. Qb8+ {[%emt 0:01:49]} Kf7 {[%emt 0:00:15]} 51. Ra3 {[%emt 0:00:45]} Be5 {[%emt 0:01:06]} 52. Qd8 {[%emt 0:00:27]} Bb7 {[%emt 0:00:14]} 53. Ra7 {[%emt 0:01:25]} Kg7 {[%emt 0:00:39]} 54. Rc1 {[%emt 0:02:38]} Rd7 {[%emt 0:00:44]} 55. Rxb7 {[%emt 0:00:24]} Rxb7 {[%emt 0:00:15]} 56. Rc8 {[%emt 0:00:05]} Qd7 {[%emt 0:02:02]} 57. Qh8+ {[%emt 0:01:01]} Kf7 {[%emt 0:00:00]} 58. Qf8+ {[%emt 0:01:20]} Ke6 {[%emt 0:00:00]} 59. Re8+ {[%emt 0:00:47]} Kd5 {[%emt 0:00:53]} 60. Rd8 {[%emt 0:00:02]} Qxd8 {[%emt 0:00:31]} 61. Qxd8+ {[%emt 0:00:05]} Kc5 {[%emt 0:00:07]} 62. Qc8+ {[%emt 0:00:25]} Kxb6 {[%emt 0:00:01]} 63. Qc6+ {[%emt 0:10:27]} 1-0

[Event "Netanya Open 2019"]
[Site "Netanya"]
[Date "2019.06.28"]
[Round "6.18"]
[White "Greenfeld, Alon"]
[Black "Aizenberg, Benny"]
[Result "1-0"]
[WhiteElo "2513"]
[BlackElo "2156"]
[Annotator "ChessBase"]
[PlyCount "65"]
[EventDate "2019.06.23"]
[EventType "swiss"]
[EventCountry "ISR"]
[SourceTitle "playchess.com"]
[Source "ChessBase"]
[SourceQuality "1"]
[TimeControl "40/5400+30:1800+30"]

1. d4 {[%emt 0:00:39]} Nf6 {[%emt 0:00:00]} 2. Nf3 {[%emt 0:00:38]} g6 {[%emt 0:00:00]} 3. g3 {[%emt 0:01:39]} Bg7 {[%emt 0:00:00]} 4. Bg2 {[%emt 0:00:08]} c5 {[%emt 0:00:31]} 5. O-O {[%emt 0:03:02]} cxd4 {[%emt 0:00:39]} 6. Nxd4 {[%emt 0:00:06]} O-O {[%emt 0:00:05]} 7. c4 {[%emt 0:00:39]} Nc6 {[%emt 0:01:05]} 8. Nc3 {[%emt 0:00:17]} Nxd4 {[%emt 0:01:09]} 9. Qxd4 {[%emt 0:01:35]} d6 {[%emt 0:00:04]} 10. Qd3 {[%emt 0:03:38]} Rb8 {[%emt 0:00:31]} 11. Bf4 {[%emt 0:13:17]} b6 {[%emt 0:10:36]} 12. Rac1 {[%emt 0:03:46]} Bb7 {[%emt 0:02:51]} 13. e4 {[%emt 0:00:58]} a6 {[%emt 0:02:10]} 14. Rfd1 {[%emt 0:05:08]} Nd7 {[%emt 0:01:25]} 15. Qd2 {[%emt 0:21:45]} b5 {[%emt 0:31:15]} 16. cxb5 {[%emt 0:01:13]} axb5 {[%emt 0:00:04]} 17. Nxb5 {[%emt 0:02:21]} Bxe4 {[%emt 0:05:38]} 18. Bxe4 {[%emt 0:00:12]} Rxb5 {[%emt 0:00:01]} 19. b4 {[%emt 0:01:19]} Qb8 {[%emt 0:07:40]} 20. Bc6 {[%emt 0:04:48]} Ne5 {[%emt 0:00:13]} 21. Bxe5 {[%emt 0:00:05]} Rxe5 {[%emt 0:00:04]} 22. a4 {[%emt 0:00:50]} Qc8 {[%emt 0:04:21]} 23. b5 {[%emt 0:03:35]} Qg4 {[%emt 0:01:26]} 24. a5 {[%emt 0:03:43]} Qh5 {[%emt 0:02:49]} 25. Qd3 {[%emt 0:03:10]} f5 {[%emt 0:05:27]} 26. Bf3 {[%emt 0:00:33]} Qh6 {[%emt 0:00:05]} 27. b6 {[%emt 0:01:39]} Rxa5 {[%emt 0:03:19]} 28. b7 {[%emt 0:01:54]} d5 {[%emt 0:00:45]} 29. Bxd5+ {[%emt 0:01:05]} Kh8 {[%emt 0:00:04]} 30. Rc8 {[%emt 0:00:22]} Be5 {[%emt 0:00:45]} 31. Qe3 {[%emt 0:01:05]} Qxe3 {[%emt 0:01:00]} 32. Rxf8+ {[%emt 0:00:06]} Kg7 {[%emt 0:00:02]} 33. Rf7+ {[%emt 0:01:08]} 1-0

[Event "Netanya Open 2019"]
[Site "Netanya"]
[Date "2019.06.28"]
[Round "6.19"]
[White "Prraneeth Vuppala"]
[Black "Zanan, Evgeny"]
[Result "0-1"]
[WhiteElo "2264"]
[BlackElo "2505"]
[Annotator "ChessBase"]
[PlyCount "104"]
[EventDate "2019.06.23"]
[EventType "swiss"]
[EventCountry "ISR"]
[SourceTitle "playchess.com"]
[Source "ChessBase"]
[SourceQuality "1"]
[TimeControl "40/5400+30:1800+30"]

1. d4 {[%emt 0:00:00]} Nf6 {[%emt 0:00:00]} 2. c4 {[%emt 0:00:00]} e6 {[%emt 0:00:00]} 3. g3 {[%emt 0:00:00]} c5 {[%emt 0:00:00]} 4. d5 {[%emt 0:00:00]} exd5 {[%emt 0:00:00]} 5. cxd5 {[%emt 0:00:00]} d6 {[%emt 0:00:02]} 6. Nc3 {[%emt 0:00:00]} g6 {[%emt 0:00:06]} 7. Bg2 {[%emt 0:00:00]} Bg7 {[%emt 0:00:04]} 8. Nf3 {[%emt 0:00:00]} O-O {[%emt 0:00:11]} 9. O-O {[%emt 0:00:02]} Re8 {[%emt 0:00:05]} 10. Bf4 {[%emt 0:00:10]} Bf5 {[%emt 0:00:05]} 11. Nh4 {[%emt 0:04:39]} Bg4 {[%emt 0:00:40]} 12. h3 {[%emt 0:00:40]} Nh5 {[%emt 0:00:06]} 13. hxg4 {[%emt 0:04:57]} Nxf4 {[%emt 0:00:07]} 14. gxf4 {[%emt 0:00:34]} Qxh4 {[%emt 0:00:04]} 15. e3 {[%emt 0:00:47]} Bxc3 {[%emt 0:00:05]} 16. bxc3 {[%emt 0:00:10]} Nd7 {[%emt 0:00:03]} 17. Bf3 {[%emt 0:06:40]} Qf6 {[%emt 0:02:39]} 18. c4 {[%emt 0:04:52]} g5 {[%emt 0:08:42]} 19. f5 {[%emt 0:41:47]} Ne5 {[%emt 0:16:49]} 20. Be2 {[%emt 0:00:02]} Kg7 {[%emt 0:13:05]} 21. Qc2 {[%emt 0:04:42]} Nd7 {[%emt 0:07:45]} 22. Rab1 {[%emt 0:06:57]} b6 {[%emt 0:01:02]} 23. Kg2 {[%emt 0:00:22]} Qe5 {[%emt 0:00:04]} 24. Rh1 {[%emt 0:08:15]} Nf6 {[%emt 0:00:29]} 25. Rh3 {[%emt 0:01:37]} h6 {[%emt 0:02:36]} 26. Qb2 {[%emt 0:11:25]} Qe4+ {[%emt 0:09:04]} 27. Bf3 {[%emt 0:00:13]} Qxc4 {[%emt 0:09:00]} 28. Rxh6 {[%emt 0:01:28]} Re5 {[%emt 0:00:05]} 29. Rbh1 {[%emt 0:01:06]} Rg8 {[%emt 0:01:59]} 30. e4 {[%emt 0:02:45]} Qd4 {[%emt 0:08:24]} 31. Qc1 {[%emt 0:00:35]} Nxe4 {[%emt 0:01:03]} 32. Bxe4 {[%emt 0:00:11]} Qxe4+ {[%emt 0:00:41]} 33. f3 {[%emt 0:00:56]} Qf4 {[%emt 0:07:33]} 34. Qxf4 {[%emt 0:00:29]} gxf4 {[%emt 0:00:01]} 35. Rxd6 {[%emt 0:00:37]} Re2+ {[%emt 0:00:26]} 36. Kg1 {[%emt 0:00:04]} Rxa2 {[%emt 0:06:42]} 37. Rh2 {[%emt 0:00:37]} Ra1+ {[%emt 0:01:56]} 38. Kg2 {[%emt 0:00:19]} Re8 {[%emt 0:00:08]} 39. g5 {[%emt 0:00:17]} Ra2+ {[%emt 0:00:09]} 40. Kh3 {[%emt 0:00:51]} Rh8+ {[%emt 0:01:31]} 41. Rh6 {[%emt 0:30:22]} Rxh2+ {[%emt 0:30:50]} 42. Kxh2 {[%emt 0:00:01]} Rd8 {[%emt 0:00:11]} 43. d6 {[%emt 0:01:16]} c4 {[%emt 0:04:22]} 44. Kh3 {[%emt 0:00:16]} c3 {[%emt 0:00:15]} 45. f6+ {[%emt 0:00:00]} Kg8 {[%emt 0:00:00]} 46. g6 {[%emt 0:00:00]} fxg6 {[%emt 0:00:00]} 47. Rxg6+ {[%emt 0:00:00]} Kf7 {[%emt 0:00:00]} 48. Rg7+ {[%emt 0:00:00]} Kxf6 {[%emt 0:00:00]} 49. Rc7 {[%emt 0:00:00]} Ke5 {[%emt 0:00:00]} 50. d7 {[%emt 0:00:00]} c2 {[%emt 0:00:00]} 51. Kg4 {[%emt 0:00:00]} Rxd7 {[%emt 0:00:00]} 52. Rxc2 {[%emt 0:00:00]} Rg7+ {[%emt 0:00:00]} 0-1

[Event "Netanya Open 2019"]
[Site "Netanya"]
[Date "2019.06.28"]
[Round "6.20"]
[White "Aroesti, Roee"]
[Black "Grinberg, Eyal"]
[Result "0-1"]
[WhiteElo "2233"]
[BlackElo "2474"]
[Annotator "ChessBase"]
[PlyCount "80"]
[EventDate "2019.06.23"]
[EventType "swiss"]
[EventCountry "ISR"]
[SourceTitle "playchess.com"]
[Source "ChessBase"]
[SourceQuality "1"]
[TimeControl "40/5400+30:1800+30"]

1. e4 {[%emt 0:01:39]} c5 {[%emt 0:00:00]} 2. Nf3 {[%emt 0:00:04]} d6 {[%emt 0:00:00]} 3. Bb5+ {[%emt 0:00:07]} Nd7 {[%emt 0:00:00]} 4. O-O {[%emt 0:00:07]} a6 {[%emt 0:00:00]} 5. Bd3 {[%emt 0:00:04]} Ngf6 {[%emt 0:00:00]} 6. c3 {[%emt 0:00:04]} e6 {[%emt 0:00:04]} 7. Bc2 {[%emt 0:05:28]} b5 {[%emt 0:00:15]} 8. d4 {[%emt 0:04:15]} Bb7 {[%emt 0:00:10]} 9. Qe2 {[%emt 0:00:33]} Be7 {[%emt 0:02:01]} 10. h3 {[%emt 0:00:10]} O-O {[%emt 0:00:29]} 11. Bf4 {[%emt 0:00:09]} Qc7 {[%emt 0:04:05]} 12. Rc1 {[%emt 0:00:48]} e5 {[%emt 0:04:07]} 13. Bg5 {[%emt 0:22:37]} h6 {[%emt 0:02:50]} 14. Bd2 {[%emt 0:12:24]} exd4 {[%emt 0:08:24]} 15. cxd4 {[%emt 0:00:06]} Rfe8 {[%emt 0:00:21]} 16. Bf4 {[%emt 0:15:53]} Qb6 {[%emt 0:03:52]} 17. Nbd2 {[%emt 0:07:42]} Bf8 {[%emt 0:06:05]} 18. dxc5 {[%emt 0:02:36]} Nxc5 {[%emt 0:00:41]} 19. Be3 {[%emt 0:00:02]} Qd8 {[%emt 0:03:55]} 20. Bxc5 {[%emt 0:06:18]} dxc5 {[%emt 0:00:12]} 21. e5 {[%emt 0:00:02]} Nd7 {[%emt 0:09:59]} 22. Re1 {[%emt 0:01:35]} c4 {[%emt 0:02:46]} 23. b3 {[%emt 0:03:32]} Bb4 {[%emt 0:05:29]} 24. bxc4 {[%emt 0:02:47]} Bxf3 {[%emt 0:07:29]} 25. Nxf3 {[%emt 0:02:45]} Bxe1 {[%emt 0:00:05]} 26. Rxe1 {[%emt 0:00:16]} bxc4 {[%emt 0:00:30]} 27. Qxc4 {[%emt 0:00:45]} Rc8 {[%emt 0:02:13]} 28. Qe4 {[%emt 0:04:51]} Nf8 {[%emt 0:01:09]} 29. Rd1 {[%emt 0:01:31]} Qc7 {[%emt 0:00:28]} 30. Bd3 {[%emt 0:02:31]} Qc6 {[%emt 0:03:51]} 31. Qe2 {[%emt 0:01:28]} Red8 {[%emt 0:02:28]} 32. Re1 {[%emt 0:00:36]} a5 {[%emt 0:00:33]} 33. Be4 {[%emt 0:01:03]} Qc3 {[%emt 0:01:51]} 34. Qb5 {[%emt 0:01:16]} Rb8 {[%emt 0:00:44]} 35. Qf1 {[%emt 0:00:45]} Rb2 {[%emt 0:01:34]} 36. Rc1 {[%emt 0:00:29]} Qa3 {[%emt 0:01:11]} 37. Bb1 {[%emt 0:00:01]} Ne6 {[%emt 0:00:20]} 38. Qc4 {[%emt 0:00:39]} Rdb8 {[%emt 0:01:14]} 39. Qe4 {[%emt 0:01:00]} g6 {[%emt 0:01:40]} 40. Re1 {[%emt 0:00:28]} Nc5 {[%emt 0:02:34]} 0-1

[Event "Netanya Open 2019"]
[Site "Netanya"]
[Date "2019.06.28"]
[Round "6.21"]
[White "Bilych, Olexiy"]
[Black "Mindlin, Alon"]
[Result "1-0"]
[WhiteElo "2203"]
[BlackElo "2454"]
[Annotator "ChessBase"]
[PlyCount "85"]
[EventDate "2019.06.23"]
[EventType "swiss"]
[EventCountry "ISR"]
[SourceTitle "playchess.com"]
[Source "ChessBase"]
[SourceQuality "1"]
[TimeControl "40/5400+30:1800+30"]

1. e4 {[%emt 0:00:00]} e5 {[%emt 0:00:00]} 2. Nf3 {[%emt 0:00:00]} Nc6 {[%emt 0:00:00]} 3. Bb5 {[%emt 0:00:00]} a6 {[%emt 0:00:00]} 4. Ba4 {[%emt 0:00:00]} Nf6 {[%emt 0:00:00]} 5. d3 {[%emt 0:00:00]} b5 {[%emt 0:00:21]} 6. Bb3 {[%emt 0:00:00]} Be7 {[%emt 0:00:05]} 7. O-O {[%emt 0:00:01]} d6 {[%emt 0:00:03]} 8. a3 {[%emt 0:02:04]} O-O {[%emt 0:00:09]} 9. Nc3 {[%emt 0:00:04]} Na5 {[%emt 0:00:13]} 10. Ba2 {[%emt 0:00:05]} Be6 {[%emt 0:00:03]} 11. b4 {[%emt 0:00:56]} Bxa2 {[%emt 0:06:08]} 12. Rxa2 {[%emt 0:00:42]} Nc6 {[%emt 0:01:15]} 13. Bg5 {[%emt 0:00:15]} Nd7 {[%emt 0:01:48]} 14. Bd2 {[%emt 0:00:17]} Bf6 {[%emt 0:04:46]} 15. Nd5 {[%emt 0:00:58]} Ne7 {[%emt 0:01:11]} 16. c4 {[%emt 0:02:08]} c6 {[%emt 0:02:14]} 17. Nxf6+ {[%emt 0:10:42]} Nxf6 {[%emt 0:00:26]} 18. Re1 {[%emt 0:00:13]} Ng6 {[%emt 0:03:00]} 19. Bc3 {[%emt 0:03:50]} Re8 {[%emt 0:03:59]} 20. Qa1 {[%emt 0:10:01]} Nf4 {[%emt 0:08:01]} 21. Rd2 {[%emt 0:05:22]} Qd7 {[%emt 0:00:46]} 22. Re3 {[%emt 0:08:32]} Ng4 {[%emt 0:06:24]} 23. Re1 {[%emt 0:02:14]} Re6 {[%emt 0:00:51]} 24. d4 {[%emt 0:07:55]} Rg6 {[%emt 0:01:49]} 25. Nh4 {[%emt 0:05:31]} Rh6 {[%emt 0:01:04]} 26. Nf5 {[%emt 0:00:19]} Rg6 {[%emt 0:12:24]} 27. f3 {[%emt 0:01:59]} Nh6 {[%emt 0:00:10]} 28. dxe5 {[%emt 0:03:16]} Nxf5 {[%emt 0:02:12]} 29. exf5 {[%emt 0:00:06]} Qxf5 {[%emt 0:00:06]} 30. exd6 {[%emt 0:07:24]} Nd3 {[%emt 0:02:07]} 31. d7 {[%emt 0:01:14]} Qxd7 {[%emt 0:01:24]} 32. c5 {[%emt 0:01:51]} Rg5 {[%emt 0:14:14]} 33. Re3 {[%emt 0:08:38]} Rd5 {[%emt 0:00:07]} 34. Bxg7 {[%emt 0:01:05]} Nxb4 {[%emt 0:01:31]} 35. Bh6 {[%emt 0:01:36]} f6 {[%emt 0:04:09]} 36. Re4 {[%emt 0:02:09]} f5 {[%emt 0:06:14]} 37. Rxd5 {[%emt 0:00:15]} Nxd5 {[%emt 0:00:06]} 38. Re6 {[%emt 0:00:03]} f4 {[%emt 0:03:59]} 39. Qe5 {[%emt 0:00:38]} Ne3 {[%emt 0:00:33]} 40. Qg5+ {[%emt 0:01:01]} Kh8 {[%emt 0:00:06]} 41. Qf6+ {[%emt 0:30:07]} Kg8 {[%emt 0:30:06]} 42. Rd6 {[%emt 0:00:26]} Qf7 {[%emt 0:00:17]} 43. Rd8+ {[%emt 0:00:04]} 1-0

[Event "Netanya Open 2019"]
[Site "Netanya"]
[Date "2019.06.28"]
[Round "6.22"]
[White "Abergel, Thal"]
[Black "Tzidkiya, Yeshaayahu"]
[Result "1-0"]
[WhiteElo "2450"]
[BlackElo "2265"]
[Annotator "ChessBase"]
[PlyCount "111"]
[EventDate "2019.06.23"]
[EventType "swiss"]
[EventCountry "ISR"]
[SourceTitle "playchess.com"]
[Source "ChessBase"]
[SourceQuality "1"]
[TimeControl "40/5400+30:1800+30"]

1. Nf3 {[%emt 0:00:00]} Nf6 {[%emt 0:00:00]} 2. c4 {[%emt 0:00:00]} g6 {[%emt 0:00:00]} 3. b3 {[%emt 0:00:00]} Bg7 {[%emt 0:00:00]} 4. Bb2 {[%emt 0:00:00]} O-O {[%emt 0:00:00]} 5. g3 {[%emt 0:00:07]} d6 {[%emt 0:00:04]} 6. Bg2 {[%emt 0:00:43]} e5 {[%emt 0:04:48]} 7. O-O {[%emt 0:04:35]} c6 {[%emt 0:05:55]} 8. Nc3 {[%emt 0:03:04]} Re8 {[%emt 0:00:55]} 9. Qc2 {[%emt 0:07:38]} Nbd7 {[%emt 0:01:59]} 10. d4 {[%emt 0:01:05]} a5 {[%emt 0:10:38]} 11. Rad1 {[%emt 0:04:13]} exd4 {[%emt 0:07:56]} 12. Nxd4 {[%emt 0:01:49]} Nc5 {[%emt 0:00:24]} 13. h3 {[%emt 0:02:50]} Qb6 {[%emt 0:00:25]} 14. e3 {[%emt 0:01:55]} h5 {[%emt 0:01:25]} 15. Ba3 {[%emt 0:02:40]} h4 {[%emt 0:18:14]} 16. g4 {[%emt 0:00:21]} Qc7 {[%emt 0:31:12]} 17. Ndb5 {[%emt 0:19:42]} cxb5 {[%emt 0:00:31]} 18. Nxb5 {[%emt 0:00:07]} Qe7 {[%emt 0:10:49]} 19. Nxd6 {[%emt 0:00:16]} Nce4 {[%emt 0:02:05]} 20. Nxe8 {[%emt 0:09:02]} Qxe8 {[%emt 0:00:20]} 21. Rd4 {[%emt 0:00:11]} Ng5 {[%emt 0:01:02]} 22. Rfd1 {[%emt 0:00:10]} Bd7 {[%emt 0:00:41]} 23. Qd3 {[%emt 0:02:25]} Bc6 {[%emt 0:01:06]} 24. Rd8 {[%emt 0:00:28]} Rxd8 {[%emt 0:00:17]} 25. Qxd8 {[%emt 0:00:02]} Nf3+ {[%emt 0:01:03]} 26. Kh1 {[%emt 0:01:03]} Qxd8 {[%emt 0:00:33]} 27. Rxd8+ {[%emt 0:00:05]} Kh7 {[%emt 0:00:01]} 28. Rc8 {[%emt 0:00:49]} Ne5 {[%emt 0:01:00]} 29. Bxc6 {[%emt 0:00:23]} Nxc6 {[%emt 0:00:28]} 30. Rc7 {[%emt 0:00:32]} Kg8 {[%emt 0:00:11]} 31. Rxb7 {[%emt 0:00:31]} Ne4 {[%emt 0:00:09]} 32. Kg2 {[%emt 0:00:06]} Ne5 {[%emt 0:00:55]} 33. Re7 {[%emt 0:03:29]} Nc3 {[%emt 0:00:45]} 34. Re8+ {[%emt 0:04:21]} Kh7 {[%emt 0:00:04]} 35. Bb2 {[%emt 0:00:55]} Nd3 {[%emt 0:00:15]} 36. Bxc3 {[%emt 0:00:14]} Bxc3 {[%emt 0:00:02]} 37. Rd8 {[%emt 0:00:40]} Nc5 {[%emt 0:00:49]} 38. Rb8 {[%emt 0:02:22]} Bb4 {[%emt 0:00:38]} 39. Rb5 {[%emt 0:00:21]} Kg7 {[%emt 0:00:55]} 40. a3 {[%emt 0:01:02]} Bxa3 {[%emt 0:00:19]} 41. Rxa5 {[%emt 0:30:07]} Bb4 {[%emt 0:30:03]} 42. Rb5 {[%emt 0:00:44]} Ba3 {[%emt 0:00:27]} 43. f4 {[%emt 0:01:55]} Kf6 {[%emt 0:00:39]} 44. Kf3 {[%emt 0:03:21]} Ke6 {[%emt 0:00:12]} 45. g5 {[%emt 0:01:34]} Nd3 {[%emt 0:01:03]} 46. Ke2 {[%emt 0:02:58]} Nc5 {[%emt 0:00:25]} 47. b4 {[%emt 0:04:03]} Nd7 {[%emt 0:00:00]} 48. Kd3 {[%emt 0:00:00]} Kd6 {[%emt 0:00:00]} 49. Kc3 {[%emt 0:00:00]} Kc6 {[%emt 0:00:00]} 50. Rd5 {[%emt 0:00:00]} Bc1 {[%emt 0:00:00]} 51. Rd3 {[%emt 0:00:00]} Nb6 {[%emt 0:00:00]} 52. Kc2 {[%emt 0:00:00]} Bxe3 {[%emt 0:00:00]} 53. Rxe3 {[%emt 0:00:00]} Nxc4 {[%emt 0:00:00]} 54. Re8 {[%emt 0:00:00]} Nd6 {[%emt 0:00:00]} 55. Rh8 {[%emt 0:00:00]} Kd5 {[%emt 0:00:00]} 56. Rd8 {[%emt 0:00:00]} 1-0